[Event "UKR-ch sf op"]
[Site "Alushta"]
[Date "2001.??.??"]
[Round "?"]
[White "Berezin, Oleg"]
[Black "Bondarchuk, Sergei"]
[Result "1/2-1/2"]
[WhiteElo "2428"]
[BlackElo "2328"]
[PlyCount "91"]
[EventDate "2001.04.17"]
[EventType "swiss"]
[EventRounds "9"]
[EventCountry "UKR"]
[SourceTitle "EXT 2003"]
[Source "ChessBase"]
[SourceDate "2002.11.25"]
[SourceVersion "1"]
[SourceVersionDate "2002.11.25"]
[SourceQuality "1"]

1. Nf3 c5 2. c4 Nc6 3. Nc3 Nd4 4. Ng1 Nc6 5. g3 g6 6. Bg2 Bg7 7. a3 e6 8. Rb1 Nge7 9. b4 d6 10. Nf3 0-0 11. 0-0 Rb8 12. e3 e5 13. d3 h6 14. Qc2 Be6 15. Bd2 Qd7 16. Ne1 b6 17. b5 Nd8 18. Nd5 Nxd5 19. cxd5 Bh3 20. e4 Bxg2 21. Kxg2 f5 22. a4 Nf7 23. f3 h5 24. Kh1 Kh7 25. Ng2 Bh6 26. f4 exf4 27. gxf4 Bg7 28. Nh4 Bf6 29. Nf3 Rbe8 30. Rbe1 Re7 31. Rg1 Nh6 32. Bc1 Rfe8 33. Bb2 Bxb2 34. Qxb2 Rg7 35. Ng5+ Kg8 36. Ne6 Rxe6 37. dxe6 Qxe6 38. Rg2 Kh7 39. Qa2 Qe7 40. Qd5 Ng4 41. Ree2 fxe4 42. dxe4 Qf6 43. h3 Qa1+ 44. Rg1 Qc3 45. hxg4 Qh3+ 46. Rh2 1/2-1/2

[Event "Nikolaev-ch Region"]
[Site "Nikolaev"]
[Date "2001.??.??"]
[Round "14"]
[White "Bondarchuk, Sergei"]
[Black "Nakonechny, Sergey"]
[Result "1-0"]
[WhiteElo "2328"]
[BlackElo "2237"]
[PlyCount "42"]
[EventDate "2001.??.??"]
[EventType "tourn"]
[EventRounds "14"]
[EventCountry "UKR"]
[SourceTitle "EXT 2003"]
[Source "ChessBase"]
[SourceDate "2002.11.25"]
[SourceVersion "1"]
[SourceVersionDate "2002.11.25"]
[SourceQuality "1"]

1. e4 g6 2. d4 Bg7 3. Nc3 d6 4. Be2 Nc6 5. Nf3 Bg4 6. Be3 Nf6 7. h3 Bxf3 8. Bxf3 e5 9. d5 Ne7 10. Qd2 0-0 11. 0-0 Nd7 12. g4 a6 13. h4 b5 14. h5 c5 15. dxc6 Nxc6 16. Ne2 Nd4 17. Nxd4 exd4 18. Bxd4 Ne5 19. Be2 Rc8 20. f4 Nc4 21. Bxc4 Bxd4+ 1-0

[Event "UKR-ch sf op"]
[Site "Alushta"]
[Date "2001.??.??"]
[Round "?"]
[White "Bondarchuk, Sergei"]
[Black "Shilin, Denis"]
[Result "1-0"]
[WhiteElo "2328"]
[BlackElo "2437"]
[PlyCount "109"]
[EventDate "2001.04.17"]
[EventType "swiss"]
[EventRounds "9"]
[EventCountry "UKR"]
[SourceTitle "EXT 2003"]
[Source "ChessBase"]
[SourceDate "2002.11.25"]
[SourceVersion "1"]
[SourceVersionDate "2002.11.25"]
[SourceQuality "1"]

1. e4 c6 2. d4 Na6 3. Nc3 Nc7 4. Nf3 g6 5. Be2 Bg7 6. 0-0 d6 7. a4 e5 8. dxe5 dxe5 9. Qxd8+ Kxd8 10. Be3 Bg4 11. Rfd1+ Ke8 12. Nd2 Be6 13. Nc4 Bxc4 14. Bxc4 Nf6 15. Rd3 h6 16. Rad1 Bf8 17. f3 Be7 18. a5 Bb4 19. Na4 Bxa5 20. Nc5 b5 21. Nb7 Bb4 22. Bb3 Ne6 23. Bxe6 fxe6 24. Bc5 Bxc5+ 25. Nxc5 Ke7 26. Rd6 Rhd8 27. Rxe6+ Kf7 28. Red6 Rxd6 29. Rxd6 Rc8 30. b4 Ke7 31. Re6+ Kf7 32. Rxe5 Rd8 33. Re6 Rd1+ 34. Kf2 Rd2+ 35. Ke3 Rxg2 36. Rxc6 Rxh2 37. Nd3 h5 38. Ne5+ Kg7 39. Rc7+ Kh6 40. Nf7+ Kh7 41. Ne5+ Kh6 42. Nf7+ Kg7 43. Ng5+ Kg8 44. Ne6 Ne8 45. Re7 h4 46. c3 Rc2 47. Kd3 Rc1 48. Rxe8+ Kf7 49. Nc7 Kg7 50. Re7+ Kh6 51. Nd5 h3 52. Ne3 Rg1 53. Ng4+ Kg5 54. Rh7 Rd1+ 55. Ke3 1-0

[Event "Nikolaev-ch Region"]
[Site "Nikolaev"]
[Date "2001.??.??"]
[Round "6"]
[White "Bondarchuk, Sergei"]
[Black "Zimels, Alexandr"]
[Result "1-0"]
[WhiteElo "2328"]
[BlackElo "2053"]
[PlyCount "53"]
[EventDate "2001.??.??"]
[EventType "tourn"]
[EventRounds "14"]
[EventCountry "UKR"]
[SourceTitle "EXT 2003"]
[Source "ChessBase"]
[SourceDate "2002.11.25"]
[SourceVersion "1"]
[SourceVersionDate "2002.11.25"]
[SourceQuality "1"]

1. e4 Nf6 2. e5 Nd5 3. d4 d6 4. Nf3 dxe5 5. Nxe5 g6 6. Bc4 c6 7. 0-0 Bg7 8. Re1 0-0 9. Bb3 Nd7 10. Nxd7 Bxd7 11. c4 Nc7 12. Nc3 Be6 13. Bf4 Qd7 14. d5 cxd5 15. cxd5 Bf5 16. d6 exd6 17. Qxd6 Na6 18. Qxd7 Bxd7 19. Rad1 Bc6 20. Nd5 Bxb2 21. Ne7+ Kg7 22. Nxc6 bxc6 23. Bc4 Nb8 24. Bd6 Rc8 25. Re7 g5 26. Rb1 Rd8 27. Rxb2 1-0